1625 1255 1213 1752 1478 1120 1440 1980 1000 1587 1140 1959 1171 1220 1355 1439 1512 1642 1628 1036 1925 1591 1442 1659 1590 1337 1342 1234 1845 1683 1714 1180 1815 1951 1215 1548 1144 1504 1710 1029 1409 1029 1661 1264 1718 1706 1068 1657 1708 1326 1596 1063 1012 1327 1731 1022 1723 1891 1315 1889 1101 1464 1481 1053 1729 1112 1253 1065 1745 1989 1749 1615 1062 1855 1660 1409 1338 1932 1995 1008 1364 1048 1297 1884 1506 1517 1884 1726 1637 1323 1324 1058 1606 1482 1975 1324 1611 1956 1485 BCNSPRNW ULIB Ver.6.0+V

เปลี่ยนเป็นภาษาไทย

Change to English
 แสดงรายละเอียดบรรณานุกรม
  กลับหน้าหลัก

Brief Record : Get Marc (ISO 2709) : E-mail record : QR code < ปิดหน้าต่าง
LEADER : 00000nam 2200000uu 4500
001    13399123308
003     ULIB
008    140820s2556||||th 000 0 tha d
099    วจ.WY18^bส761ก
100 0  สุชาติ เครื่องชัย, ถาวร ล่อกา, พวงเพชร ใจอิน และนงลักษณ์ พรหมติงการ
245 00 การปฏิบัติการศึกษาที่มีประสิทธิผล:ประสบการณ์จากสภาพจริงและความคาดหวังของนักศึกษาชั้นปีที่ 1 และ 4 วิทยาลัยพยาบาลบรมราชชนนี นครลำปาง/^cสุชาติ เครื่องชัย, ถาวร ล่อกา, พวงเพชร ใจอิน และนงลักษณ์ พรหมติงการ
260    ลำปา:^bทยาลัยพยาบาลบรมราชชนนี นครลำปาง,^c2556
650  0 การเรียนการสอน^xวิจัย
650  0 การศึกษาพยาบาล^xวิจัย
700 0  ถาวร ล่อกา^eผู้ร่วมวิจัย
700 0  พวงเพชร ใจอิน^eผู้ร่วมวิจัย
700 0  และนงลักษณ์ พรหมติงการ^eผู้ร่วมวิจัย
945    ^p0^l0^i034611
999    ^aเกษร โพธิ์สุวรรณ
รายการนี้ยังไม่มีแท็ก
คุณยังไม่ได้ล็อกอิน คุณสามารถมีกิจกรรมร่วมกับเว็บไซต์ได้ แต่ต้องล็อกอินก่อน ::
  ล็อกอิน

รายการสื่อสารสนเทศ

ลำดับที่ ประเภท เลขเรียก/บาร์โค้ด สถานที่ สถานะ
1. งานวิจัย
งานวิจัย
วจ.WY18 ส761ก ฉ.1 
  Barcode: 034611
ห้องสมุดวิทยาเขตสวรรค์ประชารักษ์
►วิจัย
บนชั้น

BibComment


ยังไม่เคยถูกคอมเมนท์

คอมเมนท์ทรัพยากรรายการนี้
  คอมเมนท์: การปฏิบัติการศึกษ..


 Copyright 2026. Bcnsprnw @Library